000 00624nam a2200241Ia 4500
003 OSt
005 20221005125741.0
006 a|||||r|||| 00| 0
007 ta
008 221004b |||||||| |||| 00| 0 kan d
024 _a60484
037 _cTextual
040 _aCRL
_cCRL
_bkan
041 _2kan
_akan
082 _aO33,3M62,14, J9
100 _aGalaganath V. T. Au.
_9633283
245 0 _aPra guddha padmanayana
260 _c1959
650 _a KANNAD LITERATURE
650 _aKANNAD FICTION
942 _hO33,3M62,14, J9
_cTEXL
_2cc
999 _c1054948
_d1054948